Quick Pick: Olympic Host Countries - Multiple Times Quiz Stats

 Plays Quiz Updated Feb 9, 2018

Score 0/14 Timer 01:00
0 Plays Today
% Correct
USA
95%
France
88.2%
Germany|West Germany
87.4%
Canada
86.6%
UK
84.3%
Greece
81.8%
Italy
79.9%
% Correct
Russia|Soviet Union
78.9%
Japan
77.7%
Australia
66.8%
Norway
59.4%
Switzerland
54.1%
Austria
51.5%
South Korea
34%

Today's Daily Dose

Missing Word
UFC Champions

Get the Picture
Greek or Latin

You're not logged in!

Compare scores with friends on all Sporcle quizzes.
OR
Log In

Sporcle TV

Today on Sporcle TV


Watch our educational content, quiz creation guides, and fun videos on Sporcle TV.

Show Comments

Extras

Top Quizzes Today


Score Distribution

Your Account Isn't Verified!

In order to create a playlist on Sporcle, you need to verify the email address you used during registration. Go to your Sporcle Settings to finish the process.

Report this User

Report this user for behavior that violates our Community Guidelines.

Details: